Stardew Valley - Personnages générés par IA - Statistiques

Statistiques générales
  • Ce quiz a été pris 159 fois
  • Le résultat moyen est 23 sur 30
Statistiques - réponses
Par images Réponse % Correct
Lewis
91%
Pam
91%
Abigail
90%
Demetrius
89%
Clint
85%
Leah
85%
Maru
85%
Sam
84%
Linus
83%
Evelyn
82%
Emily
80%
Sorcier
80%
Harvey
79%
Penny
79%
Marnie
78%
Robine
78%
Willy
76%
Gus
75%
Pierre
75%
Vincent
75%
Sebastian
74%
Elliott
73%
Haley
73%
Alex
69%
Jas
68%
Shane
59%
Jodi
54%
Caroline
51%
Kent
51%
Gunther
46%
Aucun quiz correspondant
Distribution des résultats
% des personnes avec chaque résultat
Percentile par nombre de réponses
Votre historique - résultats
Vous n’avez pas pris ce quiz